Cuentos de la Montaña (Record no. 9421)

MARC details
000 -CABECERA
campo de control de longitud fija 00639nam a2200217 a 4500
001 - NÚMERO DE CONTROL
campo de control BRL_609
005 - FECHA Y HORA DE LA ÚLTIMA TRANSACCIÓN
campo de control 20190320210823.0
008 - DATOS DE LONGITUD FIJA--INFORMACIÓN GENERAL
campo de control de longitud fija 100913s1933----ag-#######---#000-0#spa-#
041 ## - CÓDIGO DE LENGUA
Código de lengua del texto/banda sonora o título independiente spa
044 ## - CÓDIGO DEL PAÍS DE LA ENTIDAD EDITORA/PRODUCTORA
Código MARC del país ag
050 #4 - SIGNATURA TOPOGRÁFICA DE LA BIBLIOTECA DEL CONGRESO
Número de clasificación PR4854
Número de documento/Ítem .K57 1933
100 1# - ENTRADA PRINCIPAL--NOMBRE DE PERSONA
Nombre de persona Kipling, Rudyard
Fechas asociadas al nombre 1865-1936
9 (RLIN) 16069
245 10 - MENCIÓN DE TÍTULO
Título Cuentos de la Montaña
Mención de responsabilidad, etc. Rudyard Kipling.
260 ## - PUBLICACIÓN, DISTRIBUCIÓN, ETC.
Lugar de publicación, distribución, etc. [Buenos Aires]
Nombre del editor, distribuidor, etc. Biblioteca las Grandes Obras
Fecha de publicación, distribución, etc. [1933]
300 ## - DESCRIPCIÓN FÍSICA
Extensión 190 p.
Dimensiones 19 cm.
500 ## - NOTA GENERAL
Nota general Estado físico: ejemplar incompleto, faltan páginas (p. 1-68)
500 ## - NOTA GENERAL
Nota general Au678
650 14 - PUNTO DE ACCESO ADICIONAL DE MATERIA--TÉRMINO DE MATERIA
Término de materia o nombre geográfico como elemento de entrada Cuentos ingleses
Subdivisión de forma Novela
Subdivisión cronológica Siglo XIX
9 (RLIN) 24422
902 ## - CATALOGADOR
Iniciales GRL
942 ## - ELEMENTOS DE PUNTO DE ACCESO ADICIONAL (KOHA)
Fuente del sistema de clasificación o colocación Library of Congress Classification
Tipo de ítem Koha Libros
Holdings
Estado de retiro Estado de pérdida Estado dañado No para préstamo Localización permanente Ubicación/localización actual Fecha de adquisición Número de inventario Total de préstamos Signatura topográfica completa Código de barras Fecha visto por última vez Precio válido a partir de Tipo de ítem Koha
El ejemplar forma parte de la colección y puede ser consultado según las políticas vigentes.       Biblioteca Centro de Estudios Ruth D. Lechuga Biblioteca Centro de Estudios Ruth D. Lechuga 10/09/2013 Au678   PR4854 .K57 1933 (Au678) GRL00667 22/03/2019 22/03/2019 Libros